Представление документа в формате RUSMARC

ПолеНазваниеЗначение
  Тип записи a
  Библиографический уровень m
001 Контрольный номер UONB/MAIN/f3e0f5e5329f47c687f77c65c084a249
005 Дата корректировки 20260422155843.5
010 Индекс ISBN __
d Цена 3 р. 10 к.
9 Тираж 2100 экз.
b Уточнения в пер.
100 Данные общей обработки __
a Данные общей обработки 20260422d1987 u u0rusy0189 ca
101 Язык документа 0_
a Язык текста rus
102 Страна публикации __
a Страна публикации UA
105 Кодированные данные (монография) __
a Кодированные данные (монография) a z 001yy
200 Заглавие и сведения об ответственности 1_
a Заглавие Бельское городище скифской эпохи
f Первые сведения об ответственности Б. А. Шрамко
g Последующие сведения об ответственности Академия наук УССР, Институт археологии
e Сведения, относящиеся к заглавию город Гелон
203 Вид содержания и тип средства __
a Вид содержания Текст
b Характеристика содержания визуальный
c Тип средства непосредственный
210 Выходные данные 1_
a Место издания Киев
c Издательство Наукова думка
d Дата издания 1987
215 Физическое описание __
a Объем 180, [3] с.
d Формат 25 см
c Иллюстрации/тип воспроизводства ил.
225 Серия 1_
a Серия Археология
320 Библиография __
a Библиография Библиогр.: с. 166-173
606 Тематические рубрики 0_
a Основная рубрика Археологические памятники
y Географическая подрубрика Полтавская область
610 Ключевые слова 0_
a Ключевые слова археологические памятники Полтавской области; история Бельского городища; археология Полтавской области; Гелон (город) в скифскую эпоху
686 Индексы других классификаций __
a Классификационный индекс 63.4(2)273.1
2 Код системы rubbk
700 Автор _1
a Фамилия Шрамко
b Имя (инициалы) Б. А.
g Полное личное имя Борис Андреевич
712 Наименование организации (Вторичная ответственность) 02
a Организация/ юрисдикция Институт археологии
4 Код отношения 570
801 Источник записи _0
a Страна RU
b Организация Ульяновская ОНБ
c Дата составления 20260422
g Правила каталогизации RCR
801 Источник записи _1
a Страна RU
b Организация Ульяновская ОНБ
c Дата составления 20260422
g Правила каталогизации RCR
901 Тип документа __
t Тип документа m
909 Создатель записи __
a Создатель записи Горбунова
b Дата создания записи 20260422